00396nam a2200121Ia 4500082001200000100001800012245006000030260003100090300002100121650004800142650006200190710002200252 aTR.0291 aRajendran, N. 0aEstablishment of British power in Malabar, 1664 to 1799 c1975bUniversity of Kerala a374p. + C D - 32 aBRITISH RULE IN INDIA - MALABAR - 1664-1799 aBRITISH RULE IN MALABAR//BRITISH RULE IN INDIA - MALABAR  aPillai, R. Eswara